[Event "SR 2. liga A 2016/2017"]
[Site "?"]
[Date "2017.03.11"]
[Round "10.1"]
[White "Jancovic, Peter"]
[Black "Lintner, Igor"]
[Result "1-0"]
[WhiteElo "2246"]
[BlackElo "2250"]
[PlyCount "71"]
[EventDate "2016.??.??"]

1. d4 e6 2. c4 Bb4+ 3. Nd2 c5 4. Ngf3 Nf6 5. a3 Bxd2+ 6. Bxd2 b6 7. Bg5 Bb7 8.
e3 O-O 9. Bd3 d6 10. O-O Nbd7 11. Qe2 Rc8 12. Rfd1 Qc7 13. Rac1 Rfe8 14. Bb1
Ne4 15. Bh4 f6 16. Nd2 Nxd2 17. Qxd2 Rcd8 18. b4 e5 19. f3 Nf8 20. Qc2 e4 21.
Qf2 Qe7 22. f4 cxd4 23. Rxd4 Ne6 24. Rd2 d5 25. cxd5 Bxd5 26. f5 Nc7 27. Bg3
Nb5 28. Rxd5 Rxd5 29. Ba2 Red8 30. Bxd5+ Rxd5 31. Qa2 Qd7 32. a4 Kf8 33. axb5
Rd2 34. Qb3 Qxf5 35. Rc7 Rd5 36. h3 1-0

[Event "SR 2. liga A 2016/2017"]
[Site "?"]
[Date "2017.03.11"]
[Round "10.1"]
[White "Macko, Peter"]
[Black "Hacik, Radomir"]
[Result "0-1"]
[WhiteElo "2035"]
[BlackElo "2135"]
[PlyCount "112"]
[EventDate "2016.??.??"]

1. e4 d6 2. d4 Nf6 3. Nc3 g6 4. Nf3 Bg7 5. Be2 O-O 6. O-O c6 7. a4 Qc7 8. h3 e5
9. dxe5 dxe5 10. Bc4 h6 11. Qe2 Re8 12. Be3 Be6 13. Rfd1 Nbd7 14. a5 Bf8 15.
Bxe6 Rxe6 16. Qc4 Qc8 17. Na4 b5 18. axb6 axb6 19. Nxb6 Nxb6 20. Bxb6 Rxa1 21.
Rxa1 Qb7 22. Be3 Qxb2 23. Ra8 Qb7 24. Qa4 Re8 25. Rxe8 Nxe8 26. Nxe5 Qb1+ 27.
Kh2 Bd6 28. Qxc6 Bxe5+ 29. f4 Qb8 30. fxe5 Qxe5+ 31. g3 Nf6 32. Bxh6 g5 33. h4
Nxe4 34. Qc8+ Kh7 35. Qh3 Kxh6 36. hxg5+ Kxg5 37. Qh4+ Kg6 38. Qg4+ Ng5 39. Qd1
Qf5 40. Kg2 Qh3+ 41. Kf2 Qh2+ 42. Kf1 Qxg3 43. Qd4 Qf3+ 44. Kg1 Qe4 45. Qd6+ f6
46. Qf8 Qe1+ 47. Kg2 Qd2+ 48. Kg3 Qc3+ 49. Kg2 Qxc2+ 50. Kg1 Kf5 51. Qg8 Kg4
52. Qd8 Nh3+ 53. Kh1 Qe4+ 54. Kh2 Qe2+ 55. Kh1 Qf1+ 56. Kh2 Qg1# 0-1

[Event "SR 2. liga A 2016/2017"]
[Site "?"]
[Date "2017.03.11"]
[Round "10.1"]
[White "Privara, Igor"]
[Black "Bednar, Jan"]
[Result "1-0"]
[WhiteElo "2154"]
[BlackElo "2073"]
[PlyCount "89"]
[EventDate "2016.??.??"]

1. e4 c5 2. c3 Nf6 3. e5 Nd5 4. Nf3 e6 5. Bc4 Nb6 6. Bb3 Nc6 7. O-O d6 8. d4
cxd4 9. cxd4 Be7 10. Qe2 O-O 11. Nc3 a6 12. Rd1 Qc7 13. Bf4 Bd7 14. Rac1 Rad8
15. Ne4 d5 16. Neg5 h6 17. Nh3 Rfe8 18. Qd2 Bf8 19. Rc3 Rc8 20. Bxh6 gxh6 21.
Bc2 Re7 22. Qd3 f5 23. exf6 Be8 24. fxe7 Qxe7 25. Ne5 Nb4 26. Qg3+ Qg7 27. Bg6
Rxc3 28. bxc3 Bxg6 29. Nxg6 Nxa2 30. Nhf4 Bd6 31. Qd3 Nc4 32. Ra1 Nxc3 33. Qxc3
e5 34. dxe5 Nxe5 35. Qc8+ Kh7 36. Nxe5 Qxe5 37. Qd7+ Kg8 38. Qe6+ Kg7 39. Nh5+
Kf8 40. Qxe5 Bxe5 41. Ra5 Bc3 42. Rxd5 b5 43. Nf4 b4 44. Ne6+ Ke7 45. Nc5 1-0

[Event "SR 2. liga A 2016/2017"]
[Site "?"]
[Date "2017.03.11"]
[Round "10.1"]
[White "Macka, Oto"]
[Black "Turna, Stefan"]
[Result "0-1"]
[WhiteElo "2036"]
[BlackElo "2174"]
[PlyCount "88"]
[EventDate "2016.??.??"]

1. e4 c5 2. Nf3 e6 3. c3 Nf6 4. e5 Nd5 5. d4 cxd4 6. cxd4 Nc6 7. Be2 d6 8. Nbd2
dxe5 9. dxe5 Qc7 10. Qa4 Bd7 11. Qe4 f5 12. exf6 Nxf6 13. Qc4 Bd6 14. O-O O-O
15. Nb3 Rac8 16. Bd2 b5 17. Qh4 Ne7 18. Bd3 Nf5 19. Bxf5 exf5 20. Bb4 Bxb4 21.
Qxb4 Qc4 22. Qxc4+ bxc4 23. Nbd4 Rfe8 24. Rac1 Ne4 25. Rc2 c3 26. bxc3 Nxc3 27.
a3 Nb5 28. Rxc8 Rxc8 29. Nxb5 Bxb5 30. Ra1 Kf7 31. Nd4 Bd3 32. f3 Kf6 33. g3
Ke5 34. Nb3 Rc3 35. Nc1 Bc4 36. Kf2 Rc2+ 37. Ke3 Rxh2 38. Nd3+ Bxd3 39. Kxd3
Rg2 40. Re1+ Kf6 41. Rc1 Rxg3 42. Ke3 h5 43. Rc7 h4 44. Rxa7 h3 0-1

[Event "SR 2. liga A 2016/2017"]
[Site "?"]
[Date "2017.03.11"]
[Round "10.1"]
[White "Sulek, Viliam"]
[Black "Vrtiakova, Anna"]
[Result "1/2-1/2"]
[WhiteElo "2029"]
[BlackElo "1997"]
[PlyCount "43"]
[EventDate "2016.??.??"]

1. e4 c5 2. Nf3 d6 3. d4 cxd4 4. c3 dxc3 5. Nxc3 Nc6 6. Bc4 a6 7. O-O Nf6 8. h3
e6 9. Qe2 Be7 10. Rd1 Qc7 11. Bb3 O-O 12. Be3 b5 13. Rac1 Qb7 14. Bg5 Rd8 15.
Bc2 Qb8 16. Bb1 Bb7 17. Bh4 Nd7 18. Bg3 Nde5 19. Nd4 Nxd4 20. Rxd4 Bf6 21. Rdd1
Qa7 22. Kh1 1/2-1/2

[Event "SR 2. liga A 2016/2017"]
[Site "?"]
[Date "2017.03.11"]
[Round "10.1"]
[White "Goga, Frantisek"]
[Black "Nestorenko, Dmitry"]
[Result "0-1"]
[WhiteElo "1967"]
[BlackElo "2088"]
[PlyCount "112"]
[EventDate "2016.??.??"]

1. e4 c5 2. Nf3 Nc6 3. Bb5 g6 4. O-O Bg7 5. Re1 e5 6. c3 a6 7. Bf1 Nge7 8. Na3
O-O 9. Nc4 d6 10. a4 f5 11. exf5 Nxf5 12. d3 h6 13. Ne3 Kh7 14. g3 d5 15. Nxf5
Bxf5 16. Nh4 Be6 17. f4 Qd7 18. fxe5 Nxe5 19. d4 cxd4 20. cxd4 Bg4 21. Be2 Bxe2
22. Qxe2 Nc6 23. Be3 Rae8 24. Qd3 Qg4 25. Bf2 Bxd4 26. Bxd4 Qxd4+ 27. Qxd4 Nxd4
28. Rad1 Rxe1+ 29. Rxe1 Nc6 30. b4 g5 31. b5 axb5 32. axb5 gxh4 33. bxc6 bxc6
34. gxh4 Kg6 35. Re6+ Rf6 36. h5+ Kf5 37. Re8 Re6 38. Rg8 d4 39. Kf2 c5 40. Rc8
Re5 41. Kf3 Re3+ 42. Kf2 Rc3 43. Ke2 Kg5 44. Kd2 Kxh5 45. Rc6 Kg5 46. Rc8 h5
47. Rg8+ Kh4 48. Rc8 Kh3 49. Rh8 h4 50. Rh5 c4 51. Rd5 Rd3+ 52. Kc2 Kxh2 53.
Rc5 Rc3+ 54. Kd2 h3 55. Rg5 Rg3 56. Rd5 Kg2 0-1

[Event "SR 2. liga A 2016/2017"]
[Site "?"]
[Date "2017.03.11"]
[Round "10.1"]
[White "Cambel, Vladimir"]
[Black "Novak, Stanislav"]
[Result "1/2-1/2"]
[WhiteElo "2036"]
[BlackElo "1947"]
[PlyCount "104"]
[EventDate "2016.??.??"]

1. Nf3 d5 2. c4 c6 3. b3 Bf5 4. Bb2 Nf6 5. g3 e6 6. Bg2 Bd6 7. O-O O-O 8. d4
Nbd7 9. Nbd2 Re8 10. Ne5 Ng4 11. Nxd7 Qxd7 12. e4 dxe4 13. Nxe4 Be7 14. h3 Bxe4
15. Bxe4 Nf6 16. Bg2 Red8 17. Qe2 Rac8 18. Rad1 Qc7 19. Rd3 Ne8 20. Rfd1 Bf6
21. Kh1 b6 22. Bc1 Qe7 23. f4 g6 24. g4 c5 25. dxc5 Rxd3 26. Qxd3 Qxc5 27. Be3
Qc7 28. Bf3 Rd8 29. Qe2 Rxd1+ 30. Qxd1 Be7 31. Bc1 f6 32. Kg2 Kf7 33. Qd3 Bd6
34. f5 gxf5 35. gxf5 e5 36. Qd5+ Ke7 37. Qe6+ Kd8 38. Qd5 Qg7+ 39. Kf2 Qc7 40.
Be3 Qd7 41. Be4 Ke7 42. Kf3 h5 43. Kg3 Kd8 44. Qa8+ Ke7 45. Qb7 Qxb7 46. Bxb7
Bc5 47. Bxc5+ bxc5 48. Bd5 Ng7 49. Be4 a5 50. Kf2 Kd6 51. Ke3 Ke7 52. Kd2 Ne8
1/2-1/2

[Event "SR 2. liga A 2016/2017"]
[Site "?"]
[Date "2017.03.11"]
[Round "10.1"]
[White "Halasz, Michal"]
[Black "Briestenska, Andrea"]
[Result "0-1"]
[WhiteElo "1682"]
[BlackElo "2016"]
[PlyCount "58"]
[EventDate "2016.??.??"]

1. d4 d6 2. c4 Nf6 3. Nc3 c6 4. e4 Qa5 5. f3 e5 6. d5 Be7 7. Bd3 O-O 8. Nge2
Nbd7 9. Be3 Nc5 10. Bc2 cxd5 11. cxd5 b5 12. b3 b4 13. Nb1 Ba6 14. O-O Qb5 15.
Re1 Rfc8 16. Nc1 Rc7 17. Nd2 Rac8 18. Nc4 Nfd7 19. Bd3 Nxd3 20. Nxd3 Nb6 21.
Bxb6 axb6 22. Rc1 h6 23. g3 Ra8 24. Qd2 Bg5 25. f4 exf4 26. gxf4 Bh4 27. Re2
Qd7 28. Nxb6 Rxc1+ 29. Nxc1 Qa7 0-1

[Event "SR 2. liga A 2016/2017"]
[Site "?"]
[Date "2017.03.11"]
[Round "10.2"]
[White "Ruckschloss, Karol"]
[Black "Schwarz, Dusan"]
[Result "1-0"]
[WhiteElo "2231"]
[BlackElo "2319"]
[PlyCount "131"]
[EventDate "2016.??.??"]

1. c4 e5 2. Nc3 Nf6 3. g3 Nc6 4. Bg2 Bc5 5. e3 d5 6. Nxd5 Nxd5 7. cxd5 Nb4 8.
d3 Nxd5 9. Nf3 Qe7 10. O-O O-O 11. d4 exd4 12. Nxd4 c6 13. a3 Nf6 14. b4 Bb6
15. Bb2 Bg4 16. Qc2 Rad8 17. h3 Bh5 18. Nf5 Qe6 19. g4 Bg6 20. e4 Bxf5 21. exf5
Qd6 22. Rad1 Nd5 23. Bxd5 cxd5 24. Bd4 Rfe8 25. Bxb6 Qxb6 26. Rd3 Re5 27. Rc1
h5 28. Kg2 Qf6 29. Qd2 Rde8 30. Rc5 Re4 31. Rg3 Re2 32. Qxd5 Qb2 33. Rf3 Rd2
34. Qxb7 hxg4 35. hxg4 Qd4 36. f6 gxf6 37. Qc7 Re4 38. Rg5+ Kf8 39. Qc8+ Re8
40. Qc5+ Qxc5 41. Rxc5 Re6 42. Rcf5 Rd4 43. Rxf6 Rxg4+ 44. Kh3 Rxf6 45. Rxf6
Re4 46. Ra6 Re7 47. Kg4 Rb7 48. Kf5 Ke7 49. f4 Rb5+ 50. Kg4 Rb7 51. Kg5 Rd7 52.
f5 Rb7 53. Kh6 Kf8 54. Rc6 a5 55. f6 Ke8 56. bxa5 Rb3 57. Rc8+ Kd7 58. Ra8 Rg3
59. Ra6 Kc8 60. Kh7 Rg6 61. Rd6 Kc7 62. a6 Rg3 63. Rd4 Rg6 64. a7 Kb7 65. Rd8
Kxa7 66. Rd7+ 1-0

[Event "SR 2. liga A 2016/2017"]
[Site "?"]
[Date "2017.03.11"]
[Round "10.2"]
[White "Cech, Dominik"]
[Black "Janos, Martin"]
[Result "0-1"]
[WhiteElo "2191"]
[BlackElo "2220"]
[PlyCount "76"]
[EventDate "2016.??.??"]

1. e4 c5 2. Nf3 Nc6 3. d4 cxd4 4. Nxd4 e5 5. Nb5 d6 6. c4 Be7 7. Bd3 Nf6 8. O-O
O-O 9. N1c3 a6 10. Na3 Bg4 11. Be2 Bxe2 12. Qxe2 Nd4 13. Qd3 b5 14. cxb5 d5 15.
bxa6 dxe4 16. Nxe4 Nd5 17. Nc4 f5 18. Nxe5 fxe4 19. Qxd4 Rxa6 20. Qc4 Re6 21.
Nc6 Qd7 22. Nxe7+ Nxe7 23. Be3 Nf5 24. Rfd1 Qf7 25. Qe2 Rg6 26. Bf4 Qb7 27. Bg3
Re8 28. Rac1 e3 29. fxe3 Nxe3 30. Rd6 Rg4 31. Qd2 Qe7 32. Re1 h5 33. Rd3 Re4
34. b3 Qg5 35. Qf2 Ng4 36. Qf1 h4 37. Rxe4 Rxe4 38. Be1 $138 Qe5 0-1

[Event "SR 2. liga A 2016/2017"]
[Site "?"]
[Date "2017.03.11"]
[Round "10.2"]
[White "Ac, Michal"]
[Black "Petrik, Stanislav"]
[Result "0-1"]
[WhiteElo "2169"]
[BlackElo "2112"]
[PlyCount "72"]
[EventDate "2016.??.??"]

1. d4 Nf6 2. c4 e6 3. Nc3 Bb4 4. Qc2 c5 5. dxc5 Na6 6. a3 Bxc3+ 7. Qxc3 Nxc5 8.
b4 Nce4 9. Qc2 d5 10. e3 dxc4 11. Bxc4 Bd7 12. Bb2 Rc8 13. Qe2 O-O 14. Nf3 a5
15. b5 a4 16. O-O Qa5 17. Ne5 Rfd8 18. Rfd1 Be8 19. Bd3 Nd6 20. Nc4 Nxc4 21.
Bxc4 Qc7 22. Bd3 Qe7 23. Bd4 Nd5 24. Qb2 f6 25. Qb1 g6 26. Rc1 e5 27. Bb2 Bf7
28. Rxc8 Rxc8 29. Qe1 b6 30. Rc1 Rc5 31. Rxc5 Qxc5 32. Qc1 Qxc1+ 33. Bxc1 Nc7
34. Bc2 Nxb5 35. Bb2 Bb3 36. Bxb3+ axb3 0-1

[Event "SR 2. liga A 2016/2017"]
[Site "?"]
[Date "2017.03.11"]
[Round "10.2"]
[White "Nemsak, Denis"]
[Black "Tepper, Frantisek"]
[Result "0-1"]
[WhiteElo "2035"]
[BlackElo "2066"]
[PlyCount "60"]
[EventDate "2016.??.??"]

1. d4 Nf6 2. c4 c5 3. d5 e5 4. Nc3 d6 5. e4 Be7 6. g3 O-O 7. Bg2 Re8 8. Nf3
Nbd7 9. O-O Nf8 10. Qd3 Ng6 11. Rb1 h6 12. a3 Bd7 13. Bd2 a6 14. Ne1 Rb8 15. a4
a5 16. Nb5 Nh7 17. h4 b6 18. Nc2 Qc8 19. Ne3 Rb7 20. Nf5 Bxf5 21. exf5 Ngf8 22.
Rbe1 Qd8 23. f4 Bf6 24. Re4 Rbe7 25. Rfe1 Qb8 26. fxe5 Bxe5 27. Rxe5 Rxe5 28.
Rxe5 dxe5 29. d6 Nf6 30. Bc6 $138 N8d7 0-1

[Event "SR 2. liga A 2016/2017"]
[Site "?"]
[Date "2017.03.11"]
[Round "10.2"]
[White "Janos, Jozef"]
[Black "Orosi, Peter"]
[Result "1/2-1/2"]
[WhiteElo "2128"]
[BlackElo "2106"]
[PlyCount "80"]
[EventDate "2016.??.??"]

1. d4 Nf6 2. Nf3 d5 3. Bf4 c5 4. e3 Qb6 5. b3 Bg4 6. Be2 Nc6 7. c3 e6 8. O-O
Ne4 9. Ne5 Bxe2 10. Qxe2 Be7 11. f3 Nf6 12. Nxc6 bxc6 13. Kh1 O-O 14. Nd2 a5
15. Rab1 Nd7 16. Bg3 Rfe8 17. Qd3 cxd4 18. exd4 c5 19. f4 cxd4 20. cxd4 Rac8
21. Rbc1 f5 22. Nf3 Nf6 23. Rxc8 Rxc8 24. Bh4 Bb4 25. Bxf6 gxf6 26. Qe2 Rc3 27.
Qf2 Qc7 28. Qe2 Qc6 29. Ne1 Rc1 30. Nd3 Rxf1+ 31. Qxf1 Qc2 32. Nxb4 axb4 33. h3
Qxa2 34. Qc1 Qxb3 35. Qc8+ Kf7 36. Qd7+ Kg6 37. Qe8+ Kh6 38. Qf8+ Kg6 39. Qe8+
Kh6 40. Qf8+ Kg6 1/2-1/2

[Event "SR 2. liga A 2016/2017"]
[Site "?"]
[Date "2017.03.11"]
[Round "10.2"]
[White "Petrik, Karol"]
[Black "Fabry, Robert"]
[Result "1/2-1/2"]
[WhiteElo "2087"]
[BlackElo "2108"]
[PlyCount "95"]
[EventDate "2016.??.??"]

1. e4 e5 2. Nf3 Nc6 3. d4 exd4 4. Bc4 Nf6 5. O-O d6 6. Nxd4 Be7 7. Nf5 Bxf5 8.
exf5 d5 9. Bd3 Qd7 10. Nc3 O-O-O 11. a3 Nd4 12. Be3 Nc6 13. Ne2 Kb8 14. Bb5 Qd6
15. Bxc6 Qxc6 16. Nd4 Qd7 17. b4 Ne4 18. Qd3 Bf6 19. c4 Rhe8 20. Rad1 dxc4 21.
Qxc4 Bxd4 22. Rxd4 Qxf5 23. Rc1 Rd7 24. Rxd7 Qxd7 25. Bf4 Nd6 26. Qd3 g6 27. h3
Re6 28. Rd1 Qe8 29. Kh2 f6 30. Qd5 h5 31. Rc1 g5 32. Be3 b6 33. a4 Re5 34. Qd1
Nf5 35. Bd2 Re2 36. Be3 Nxe3 37. fxe3 Qe5+ 38. Kh1 Rxe3 39. b5 h4 40. Qg4 Re4
41. Qd7 g4 42. hxg4 h3 43. Qd8+ Kb7 44. Rxc7+ Qxc7 45. Qd5+ Kb8 46. Qxe4 hxg2+
47. Kxg2 Qc3 48. Kf2 1/2-1/2

[Event "SR 2. liga A 2016/2017"]
[Site "?"]
[Date "2017.03.11"]
[Round "10.2"]
[White "Mikulas, Dusan"]
[Black "Polacik, Igor"]
[Result "1/2-1/2"]
[WhiteElo "2073"]
[BlackElo "2191"]
[PlyCount "22"]
[EventDate "2016.??.??"]

1. e4 c5 2. Nf3 Nc6 3. d4 cxd4 4. Nxd4 g6 5. Nc3 Bg7 6. Be3 Nf6 7. Nb3 O-O 8.
Be2 d6 9. O-O a6 10. f4 b5 11. Bf3 Bb7 1/2-1/2

[Event "SR 2. liga A 2016/2017"]
[Site "?"]
[Date "2017.03.11"]
[Round "10.2"]
[White "Krajnak, Robert"]
[Black "Kuna, Vladimir"]
[Result "0-1"]
[WhiteElo "2048"]
[BlackElo "2014"]
[PlyCount "98"]
[EventDate "2016.??.??"]

1. c4 e5 2. e3 Nf6 3. Nc3 Nc6 4. d3 d5 5. cxd5 Nxd5 6. Nf3 Bb4 7. Qc2 O-O 8.
Be2 Be6 9. O-O a6 10. Ne4 h6 11. a3 Be7 12. Nc5 Bxc5 13. Qxc5 Qd6 14. Qc2 Rfe8
15. b4 Rad8 16. Nd2 Bc8 17. Ne4 Qg6 18. Nc5 Nf6 19. Bb2 Bh3 20. Bf3 e4 21. Nxe4
Nxe4 22. dxe4 Ne5 23. Bxe5 Rxe5 24. Qxc7 Rd6 25. Rad1 Rxd1 26. Qxe5 Rxf1+ 27.
Kxf1 Be6 28. Be2 b5 29. Qd4 Qg5 30. Bd3 Qh5 31. f3 Qxh2 32. e5 g6 33. Qf4 Qh1+
34. Kf2 Kh7 35. Qf6 Qh5 36. Kg1 Kg8 37. Qd8+ Kh7 38. Qf6 Kg8 39. Qf4 Kg7 40.
Kf2 Kh7 41. Kg1 Kg7 42. Be4 Kg8 43. Bb7 g5 44. Qe4 g4 45. fxg4 Qh4 46. g5 Qe1+
47. Kh2 hxg5 48. Bxa6 g4 49. Bxb5 g3# 0-1

[Event "SR 2. liga A 2016/2017"]
[Site "?"]
[Date "2017.03.11"]
[Round "10.3"]
[White "Dolnak, Michal"]
[Black "Sosna, Jan"]
[Result "0-1"]
[WhiteElo "2252"]
[BlackElo "2347"]
[PlyCount "78"]
[EventDate "2016.??.??"]

1. d4 d5 2. c4 e6 3. Nf3 c6 4. e3 Nf6 5. b3 Nbd7 6. Bb2 Bd6 7. Bd3 dxc4 8. bxc4
Qe7 9. Ne5 Nxe5 10. dxe5 Bb4+ 11. Nd2 Nd7 12. O-O Nc5 13. Ne4 Nxe4 14. Bxe4 O-O
15. Qh5 g6 16. Qg4 Rd8 17. Rad1 Bd7 18. Qf4 Be8 19. Qf6 Rac8 20. h4 b5 21. cxb5
cxb5 22. Bd4 Rd7 23. Rc1 Rdc7 24. Rxc7 Qxc7 25. h5 Bf8 26. g4 a5 27. hxg6 hxg6
28. Bb2 Be7 29. Qf4 Bc6 30. Rc1 Qd7 31. Bxc6 Rxc6 32. Rxc6 Qxc6 33. Kf1 Qd5 34.
a3 Bc5 35. Bd4 Bxa3 36. Bb6 a4 37. Qg5 Bf8 38. Bd8 a3 39. Qh4 a2 0-1

[Event "SR 2. liga A 2016/2017"]
[Site "?"]
[Date "2017.03.11"]
[Round "10.3"]
[White "Kapusta, Petr"]
[Black "Macko, Miroslav"]
[Result "0-1"]
[WhiteElo "2231"]
[BlackElo "2228"]
[PlyCount "66"]
[EventDate "2016.??.??"]

1. e4 c5 2. Nf3 Nc6 3. Bb5 g6 4. Bxc6 bxc6 5. d3 Bg7 6. O-O d6 7. h3 Nf6 8. Nc3
O-O 9. Ne2 c4 10. Ng3 cxd3 11. cxd3 Rb8 12. d4 Nd7 13. Rb1 c5 14. Be3 Ba6 15.
Re1 Qa5 16. a3 Bc4 17. Nd2 Ba2 18. Ra1 Rxb2 19. Ne2 cxd4 20. Nxd4 Bxd4 21. Nc4
Bxc4 22. Qxd4 Rc2 23. Bh6 Qe5 24. Qxa7 Nc5 25. Bxf8 Qd4 26. Kh1 Qxf2 27. Rg1
Kxf8 28. Rac1 Rxc1 29. Rxc1 Bd3 30. e5 Be4 31. Rg1 Qg3 32. Qb8+ Kg7 33. Qc8 e6
0-1

[Event "SR 2. liga A 2016/2017"]
[Site "?"]
[Date "2017.03.11"]
[Round "10.3"]
[White "Bronis, Marian"]
[Black "Koutny, Petr"]
[Result "1/2-1/2"]
[WhiteElo "2085"]
[BlackElo "2171"]
[PlyCount "80"]
[EventDate "2016.??.??"]

1. d4 Nf6 2. c4 g6 3. f3 d5 4. cxd5 Nxd5 5. e4 Nb6 6. Nc3 Bg7 7. Be3 O-O 8. Qd2
e5 9. d5 c6 10. O-O-O cxd5 11. exd5 Na6 12. g4 Bd7 13. Kb1 Rc8 14. h4 Nc4 15.
Bxc4 Rxc4 16. Nge2 Qf6 17. Rdf1 Rfc8 18. Ne4 Qe7 19. d6 Qd8 20. N2c3 Bc6 21. h5
Qa5 22. hxg6 hxg6 23. Bg5 Rd4 24. d7 Bxd7 25. Nf6+ Kf8 26. Nxd7+ Ke8 27. Qe3
Rxd7 28. Rd1 Rxd1+ 29. Rxd1 Qc7 30. Qxa7 f6 31. Be3 Bf8 32. Qb6 Qxb6 33. Bxb6
Bc5 34. Bxc5 Nxc5 35. Nd5 Kf7 36. Rc1 Rc6 37. Nb4 Rc7 38. Nd5 Rc6 39. Nb4 Rc7
40. Nd5 Rc6 1/2-1/2

[Event "SR 2. liga A 2016/2017"]
[Site "?"]
[Date "2017.03.11"]
[Round "10.3"]
[White "Biro, Karol"]
[Black "Londin, Martin"]
[Result "1-0"]
[WhiteElo "2082"]
[BlackElo "1951"]
[PlyCount "145"]
[EventDate "2016.??.??"]

1. d4 d5 2. Nf3 Nf6 3. Bf4 e6 4. e3 Bd6 5. Bg5 O-O 6. Nbd2 b6 7. Ne5 c5 8. c3
Ba6 9. Bxa6 Nxa6 10. Qf3 Be7 11. Nc6 Qc7 12. Nxe7+ Qxe7 13. h4 h6 14. Bf4 cxd4
15. exd4 Nd7 16. Qg3 e5 17. Bxh6 exd4+ 18. Kf1 Qe5 19. Bf4 Qf6 20. Bg5 Qc6 21.
cxd4 Qb5+ 22. Kg1 Qxb2 23. Nb3 Rfe8 24. Bh6 g6 25. h5 Qc2 26. hxg6 Qxg6 27. Qh3
f5 28. Bf4 Kg7 29. Qd3 Re4 30. Bh6+ Kf7 31. Qxa6 Rg4 32. Qb7 Rd8 33. Qxd5+ Qe6
34. Qxe6+ Kxe6 35. f3 Rg6 36. Bf4 Nf6 37. Rh6 Rxh6 38. Bxh6 Nd5 39. Bd2 f4 40.
Rc1 Kf5 41. Kf2 Nf6 42. Rc7 Nh5 43. Rf7+ Kg5 44. g3 Kg6 45. Rxa7 fxg3+ 46. Kg2
Re8 47. Ra6 Re6 48. a4 Kf5 49. a5 Re2+ 50. Kg1 Nf4 51. Bxf4 Kxf4 52. Rxb6 Re1+
53. Kg2 Re2+ 54. Kf1 g2+ 55. Kg1 Kxf3 56. Rf6+ Kg3 57. Rg6+ Kh3 58. a6 Re1+ 59.
Kf2 Rf1+ 60. Ke3 g1=Q+ 61. Rxg1 Rxg1 62. a7 Rg8 63. Na5 Kg4 64. Nc6 Re8+ 65.
Kd3 Ra8 66. Ke4 Re8+ 67. Kd5 Ra8 68. Ke6 Kf4 69. d5 Rh8 70. d6 Ke4 71. d7 Rh6+
72. Ke7 Rh7+ 73. Kd6 1-0

[Event "SR 2. liga A 2016/2017"]
[Site "?"]
[Date "2017.03.11"]
[Round "10.3"]
[White "Pagac, Robert"]
[Black "Janos, Ivan"]
[Result "0-1"]
[WhiteElo "1827"]
[BlackElo "2048"]
[PlyCount "100"]
[EventDate "2016.??.??"]

1. e4 c5 2. Nf3 d6 3. d4 cxd4 4. Nxd4 Nf6 5. Nc3 g6 6. Be2 Bg7 7. Be3 Nc6 8.
Qd2 O-O 9. O-O d5 10. exd5 Nxd5 11. Nxd5 Nxd4 12. c4 Nxe2+ 13. Qxe2 e6 14. Nf4
Qf6 15. Nd3 Rd8 16. Rad1 Bd7 17. b3 b6 18. Bf4 Qf5 19. Qe3 Bc6 20. Ne5 Bb7 21.
h3 g5 22. Rxd8+ Rxd8 23. Bxg5 f6 24. Bh4 Rd6 25. Ng4 Qg6 26. Bg3 e5 27. c5 Rd3
28. Qe2 h5 29. Ne3 Bh6 30. Rd1 e4 31. Nf1 Kf7 32. Rxd3 exd3 33. Qb2 h4 34. cxb6
hxg3 35. fxg3 Qe4 36. Qf2 Qd5 37. bxa7 d2 38. Nxd2 Bxd2 39. Qe2 Be3+ 40. Kh2
Bxa7 41. Qc2 Qe4 42. Qd2 Bd4 43. b4 Qe3 44. Qxe3 Bxe3 45. g4 Ke6 46. h4 Bf2 47.
Kh3 Ke5 48. g3 Ke4 49. h5 Kf3 50. h6 Bxg3 0-1

[Event "SR 2. liga A 2016/2017"]
[Site "?"]
[Date "2017.03.11"]
[Round "10.3"]
[White "Povysil, Peter"]
[Black "Hrubsa, Marian"]
[Result "0-1"]
[WhiteElo "1985"]
[BlackElo "1916"]
[PlyCount "76"]
[EventDate "2016.??.??"]

1. d4 d5 2. c4 e6 3. Nc3 Nf6 4. Nf3 c6 5. e3 Nbd7 6. Qc2 Be7 7. g4 dxc4 8. Bxc4
b5 9. Bd3 Bb7 10. e4 a6 11. g5 Ng8 12. Rg1 c5 13. Be3 c4 14. Be2 Qa5 15. Nd2
Rc8 16. Rc1 Qc7 17. e5 g6 18. Nce4 Nb6 19. Nf6+ Nxf6 20. gxf6 Bf8 21. f3 Nd5
22. Kf2 h5 23. Ne4 Nxe3 24. Kxe3 Bxe4 25. Qxe4 Bh6+ 26. f4 Qb6 27. Bf3 Qa5 28.
Qb7 O-O 29. Qe4 Kh8 30. Bxh5 Qc7 31. Bxg6 fxg6 32. Rxg6 Qh7 33. Rcg1 Rg8 34. f7
Rgf8 35. Qb7 Bxf4+ 36. Kxf4 Rxf7+ 37. Qxf7 Qxf7+ 38. Rf6 Qh7 0-1

[Event "SR 2. liga A 2016/2017"]
[Site "?"]
[Date "2017.03.11"]
[Round "10.3"]
[White "Planka, Peter"]
[Black "Kohlmann, Robert"]
[Result "0-1"]
[WhiteElo "1812"]
[BlackElo "2099"]
[PlyCount "120"]
[EventDate "2016.??.??"]

1. e4 c5 2. Nf3 g6 3. d4 cxd4 4. Nxd4 Nc6 5. Nc3 Bg7 6. Be3 Nf6 7. Be2 O-O 8.
O-O d5 9. exd5 Nb4 10. Qd2 Nbxd5 11. Nxd5 Nxd5 12. Bh6 Qb6 13. Bxg7 Kxg7 14.
Nb3 Rd8 15. Bf3 Nf6 16. Qe2 Re8 17. Rfe1 e5 18. Qe3 Qxe3 19. Rxe3 {(=)} e4 20.
Bd1 Nd5 21. Re1 Bf5 22. Nd4 Rad8 23. c3 Bc8 24. Ba4 Bd7 25. Bxd7 Rxd7 26. Rad1
Nb6 27. Kf1 f5 28. Nb5 Red8 29. Rxd7+ Rxd7 30. Nd4 Kf6 31. Rd1 Nc4 32. b3 Ne5
33. Ke2 Nd3 34. g3 Rc7 35. c4 a6 36. Ke3 Ne5 37. Rd2 Ng4+ 38. Ke2 Nxh2 39. f3
exf3+ 40. Nxf3 Re7+ 41. Kf2 Ng4+ 42. Kg2 h6 43. Rd6+ Re6 44. Rd7 Re2+ 45. Kg1
Rf2 46. Ne1 Re2 47. Nf3 Re3 48. Kg2 {(=)} Rxf3 49. Rxb7 Rf2+ 50. Kg1 Rxa2 51.
c5 Ne5 52. b4 Kg5 53. Rb6 Kg4 54. c6 Rc2 55. Rxa6 Rxc6 56. Ra3 Rc1+ 57. Kg2 Rb1
58. Re3 Rb2+ 59. Kf1 Nf3 60. Re6 Kg5 0-1

[Event "SR 2. liga A 2016/2017"]
[Site "?"]
[Date "2017.03.11"]
[Round "10.4"]
[White "Duben, Igor"]
[Black "Puskar, Peter"]
[Result "1-0"]
[WhiteElo "2238"]
[BlackElo "2198"]
[PlyCount "99"]
[EventDate "2016.??.??"]

1. d4 Nf6 2. Nf3 c5 3. e3 e6 4. Bd3 d5 5. c3 Bd6 6. dxc5 Bxc5 7. O-O O-O 8.
Nbd2 Qc7 9. Qe2 Nbd7 10. e4 dxe4 11. Nxe4 Be7 12. Bg5 Re8 13. Rad1 g6 14. Nxf6+
Bxf6 15. Bb5 Bxg5 16. Nxg5 a6 17. Ba4 Re7 18. Qf3 Rb8 19. Bxd7 Bxd7 20. Qf6 Bb5
21. c4 Bc6 22. Nxh7 Rd7 23. Rxd7 Qxd7 24. Qe5 Kxh7 25. Qxb8 Qd4 26. Qf8 Qf4 27.
h3 g5 28. Qc5 Kg6 29. b3 Qd2 30. a4 Be4 31. Qe3 Qxe3 32. fxe3 Bc2 33. b4 Bxa4
34. e4 f6 35. Kf2 Bc6 36. Re1 f5 37. exf5+ exf5 38. Re6+ Kf7 39. Rd6 Be4 40. g3
Bc6 41. Ke3 Kg7 42. h4 gxh4 43. gxh4 Be4 44. Kf4 Kh7 45. Kg5 Kg7 46. Rg6+ Kh7
47. Rf6 Bd3 48. c5 Be4 49. Rxf5 Bxf5 50. Kxf5 1-0

[Event "SR 2. liga A 2016/2017"]
[Site "?"]
[Date "2017.03.11"]
[Round "10.4"]
[White "Stetina, Erik"]
[Black "Sosovicka, Matej"]
[Result "0-1"]
[WhiteElo "2010"]
[BlackElo "2183"]
[PlyCount "86"]
[EventDate "2016.??.??"]

1. e4 e5 2. Nf3 Nc6 3. Bb5 a6 4. Ba4 Nf6 5. O-O b5 6. Bb3 Bc5 7. c3 d6 8. d4
Bb6 9. Bg5 h6 10. Bh4 g5 11. Bg3 exd4 12. e5 dxe5 13. Nxe5 Nxe5 14. Bxe5 Bb7
15. Re1 O-O 16. Qd3 Nd5 17. Bc2 f5 18. Qh3 Rf6 19. cxd4 Nf4 20. Qa3 Bxd4 21.
Bb3+ Kh7 22. Nc3 Bxe5 23. Rxe5 Kg6 24. Rd1 Qf8 25. Qe7 Qxe7 26. Rxe7 Bxg2 27.
Rdd7 Kh5 28. Bd1+ Kh4 29. Rd4 Kh3 30. Re3+ Kh4 31. Ne2 Rd6 32. Nxf4 gxf4 33.
Rxd6 cxd6 34. Re6 f3 35. Rxh6+ Kg5 36. Re6 Rc8 37. Re3 Kf4 38. Re1 Rc1 39. b3
d5 40. h4 d4 41. Kh2 d3 42. b4 d2 43. Rg1 Rc8 0-1

[Event "SR 2. liga A 2016/2017"]
[Site "?"]
[Date "2017.03.11"]
[Round "10.4"]
[White "Oprea, Erik"]
[Black "Puchart, Vladimir"]
[Result "0-1"]
[WhiteElo "2168"]
[BlackElo "2090"]
[PlyCount "80"]
[EventDate "2016.??.??"]

1. c4 c6 2. d4 d5 3. cxd5 cxd5 4. Bf4 Qb6 5. Nc3 Nf6 6. Qd2 Nc6 7. e3 Bf5 8.
Bd3 Bxd3 9. Qxd3 Rc8 10. Nge2 e6 11. O-O Be7 12. Rfc1 O-O 13. Na4 Qa5 14. Nec3
Nb4 15. Qe2 Ne4 16. Nxe4 dxe4 17. Rxc8 Rxc8 18. Nc3 Qf5 19. Rd1 Nd5 20. Qb5
Nxc3 21. Qd7 Nxd1 22. Qxc8+ Bf8 23. h3 Qd5 24. Qc2 Qxa2 25. Qxd1 Qxb2 26. Qa4
Qb6 27. Qe8 a5 28. h4 h5 29. Bg5 Qc7 30. Bd8 Qc1+ 31. Kh2 Qc8 32. g4 hxg4 33.
h5 a4 34. h6 gxh6 35. Kg3 a3 36. Kxg4 a2 37. Qa4 Qxd8 38. Qxa2 Bd6 39. Qc2 Qg5+
40. Kh3 h5 0-1